Chat GPT top 15 jeux vidéos depuis 2000 - Statistiques

Statistiques générales
  • Ce quiz a été pris 44 fois
  • Le résultat moyen est 5 sur 15
Statistiques - réponses
Hint Réponse % Correct
1. PC 2011 Minecraft
83%
4. Console 2017 Fortnite
58%
10. Console 2000+ FIFA
55%
5. Console 2003 Call of Duty
48%
2. Console 2013 GTA V
45%
13. Téléphone 2012 Candy crush
38%
3. PC 2009 LOL
38%
8. Console 2000+ Pokémon
23%
14. PC 2017 PUBG
23%
7. PC 2004 WOW
18%
9. PC 2000 Counter Strike
10%
6. PC/Console 2000+ The Sims
10%
11. Console 2020 Animal crossing
8%
15. Console 2006 Wii sport
5%
12. PC 2018 Among us
3%
Aucun quiz correspondant
Distribution des résultats
% des personnes avec chaque résultat
Percentile par nombre de réponses
Votre historique - résultats
Vous n’avez pas pris ce quiz